000 00870nam a22001937a 4500
005 20120912164212.0
010 _aB-483260
020 _c40.00
035 _aB-483260
037 _bBPPD
100 _aمو لف: ا سما عيل احمد الطحا ں
_952831
245 _aتا ر يخ تد و يں و جمع قر آ ں
_cمو لف:اسما عيل احمد ا لطحا ں
246 _aTareekh -e- Tadreen wa Jama -e- Quran
_bBy Dr. Ismail Ahmad Al Tahhan
260 _a1781-حو ض سو يو ا لا ں نئ دھلی-2
_bا سلا مک بک فا ؤ نڈ يشن
_c2011
300 _a56 ص
_c22 Cm.(P.b)
500 _aدو حصہ
942 _2ddc
_cUR
_h270.9
_mق ر آ
999 _c70496
_d70496